000 00475nam a22001937a 4500
003 MPLRDC
005 20220104123329.0
008 210129b ||||| |||| 00| 0 eng d
020 _a957-35-1015-4
082 _a293.1 LWXS
100 _a了无学士
245 _a八字喜用神实例
_c
250 _a三版一刷
260 _a台湾
_b武陵出版有限公司
_c1997
300 _b279
490 _a八字命学. 87
650 _a命书
942 _cBK
_o293.1 LWXS
999 _c10503
_d10493